BTS Collaborations - Statistics

General Stats
  • This quiz has been taken 53 times
  • The average score is 30 of 85
Answer Stats
Year BTS / Members Song Artist % Correct
2019 BTS Boy With Luv Halsey
98%
2019 SUGA SUGA's Interlude Halsey
98%
2023 SUGA Lilith (Diablo IV Anthem) Halsey
98%
2021 BTS My Universe Coldplay
86%
2022 SUGA That That PSY
84%
2019 RM Old Town Road Lil Nas X
82%
2017 BTS Mic Drop Steve Aoki
82%
2018 JIN, JIMIN, V, JUNGKOOK The Truth Untold Steve Aoki
82%
2018 BTS Waste It On Me Steve Aoki
82%
2022 JUNGKOOK Left And Right Charlie Puth
77%
2023 JIMIN Angel Pt. 2 Charlie Puth
77%
2018 BTS IDOL Nicki Minaj
75%
2020 SUGA eight IU
73%
2023 SUGA - AGUST D People Pt.2 IU
73%
2020 SUGA, J-HOPE, JUNGKOOK Savage Love Jason Derulo
70%
2019 BTS Make It Right Lauv
70%
2020 JIMIN, JUNGKOOK Who Lauv
70%
2019 J-HOPE Chicken Noodle Soup Becky G
68%
2021 BTS Butter Megan Thee Stallion
68%
2023 JIMIN VIBE TAEYANG
64%
2020 BTS ON Sia
61%
2019 J-HOPE, V A Brand New Day Zara Larsson
61%
2019 RM, SUGA All Night Juice Wrld
55%
2021 SUGA Girl Of My Dreams Juice Wrld
55%
2020 SUGA Blueberry Eyes MAX
52%
2020 SUGA - AGUST D Burn It MAX
52%
2022 JIN, JIMIN, V, JUNGKOOK Bad Decisions Snoop Dogg
52%
2019 JIN, JIMIN, JUNGKOOK Dream Glow Charli XCX
50%
2023 J-HOPE on the street J. Cole
48%
2023 SUGA - AGUST D HUH?! j-hope
43%
2022 JIN, JIMIN, V, JUNGKOOK Bad Decisions benny blanco
41%
2022 J-HOPE Rush Hour Crush
39%
2020 SUGA - AGUST D Strange RM
36%
2017 BTS Mic Drop Desiigner
32%
2016 SUGA - AGUST D So Far Away SURAN
30%
2023 JIMIN Angel Pt. 1 JVKE
27%
2023 JIMIN Angel Pt. 2 JVKE
27%
2022 RM Still Life Anderson .Paak
25%
2017 RM Change Wale
25%
2022 RM Yun Erykah Badu
23%
2023 JIMIN Angel Pt. 1 Muni Long
20%
2023 JIMIN Angel Pt. 2 Muni Long
20%
2015 RM ProMeTheUs Yankie
20%
2016 SUGA - AGUST D Tony Montana Yankie
20%
2022 RM Hectic Colde
18%
2023 RM Don't ever say love me Colde
18%
2017 RM Champion Fall Out Boy
18%
2023 JIMIN Angel Pt. 1 Kodak Black
18%
2023 JIMIN Angel Pt. 1 NLE Choppa
18%
2021 RM Don't eAeon
16%
2018 RM Seoul HONNE
16%
2018 RM everythingoes Nell
16%
2022 RM Closer Paul Blanco
16%
2022 RM Wild Flower Youjeen
16%
2020 RM WINTER FLOWER YOUNHA
16%
2022 RM Sexy Nukim Balming Tiger
14%
2015 RM Buckubucku EE
14%
2017 RM Gajah Gaeko
14%
2015 RM Buckubucku MFBTY
14%
2020 SUGA - AGUST D 28 NiiHWA
14%
2023 RM Smoke Sprite So!YoON!
14%
2022 RM All Day TABLO
14%
2023 SUGA - AGUST D Snooze WOOSUNG
14%
2018 RM Timeless Drunken Tiger
11%
2022 JIMIN With You Ha Sungwoon
11%
2020 SUGA, J-HOPE, JUNGKOOK Savage Love Jawsh 685
11%
2020 SUGA - AGUST D Dear My Friend Kim Jong Wan
11%
2019 SUGA Song Request Lee Sora
11%
2022 RM Closer Mahalia
11%
2022 RM No.2 Park Ji-Yoon
11%
2023 SUGA - AGUST D Snooze Ryuichi Sakamoto
11%
2015 RM Buckubucku Dino-J
9%
2016 SUGA - AGUST D Intro : DT sugA DJ Friz
9%
2015 RM ProMeTheUs Dok2
9%
2015 RM ProMeTheUs Don Mills
9%
2015 RM ProMeTheUs Juvie Train
9%
2022 RM Forg_tful Kim Sawol
9%
2015 RM U Primary
9%
2015 RM ProMeTheUs Topbob
9%
2015 RM ProMeTheUs Double K
7%
2022 JUNGKOOK Dreamers Fahad Al Kubaisi
7%
2022 RM Sexy Nukim Omega Sapien
7%
2022 RM Sexy Nukim Mudd the student
5%
2022 RM Sexy Nukim bj wnjn
2%
2015 RM U Kwon Jin Ah
2%
No matching quizzes found
Score Distribution
Percent of People with Each Score
Percentile by Number Answered
Your Score History
You have not taken this quiz